| 000 | 00500nas a22001577a 4500 | ||
|---|---|---|---|
| 008 | 130403t20049999ag ||||| |||| 00| 0 spa d | ||
| 022 | _a1514-9048 | ||
| 245 | _aRevista del Torax de la Provincia de Buenos Aires | ||
| 260 |
_aBuenos Aires, _bSociedad de Tisiologia y Neumonologia de la Provincia de Buenos Aires: _c2004 |
||
| 300 | _av. : | ||
| 546 | _aespaƱol | ||
| 590 | _aExistencias: 2004 6(11); 2009 10(18) | ||
| 590 | _aIndizada en: Latindex | ||
| 650 |
_aNEUMOLOGIA _92010 |
||
| 942 |
_2ddc _cCR |
||
| 999 |
_c1296 _d1296 |
||